| 000 -ლიდერი |
| ფიქსირებული სიგრძის საკონტროლო ველი |
01745nam a2200253Ia 4500 |
| 001 - საკონტროლო ნომერი |
| საკონტროლო ველი |
18643 |
| 003 - საკონტროლო ნომრის იდენტიფიკატორი |
| საკონტროლო ველი |
GE_BSU |
| 005 - ბოლო ოპერაციის თარიღი და დრო |
| საკონტროლო ველი |
20220919171228.0 |
| 008 - ფიქსირებული სიგრძის მონაცემთა ელემენტები - ზოგადი ინფორმაცია |
| ფიქსირებული სიგრძის საკონტროლო ველი |
181216s2013||||ge |||||||||||||| ||geo|| |
| 040 ## - კატალოგიზაციის წყარო |
| Transcribing agency |
GE_BSU |
| 041 ## - ენის კოდი |
| Language code of text/sound track or separate title |
geo |
| 080 ## - უნივერსალური ათობითი კლასიფიკაციის ინდექსი |
| Universal Decimal Classification number |
37 ც-77 |
| 100 ## - მთავარი ჩანაწერი - პიროვნების სახელი |
| Personal name |
ციცაგი, ბესიკ |
| 9 (RLIN) |
11528 |
| 245 ## - ცნობა სათაურის შესახებ |
| Title |
ფიზიკური აღზრდისა და სპორტის პედაგოგიურ - ფსიქოლოგიური ასპექტები პიროვნების ფორმირების პროცესში : დისერტაცია / |
| Statement of responsibility, etc |
ბესიკ ციცაგი; სამეცნიერო ხელმძღვანელი ა. ქემხაძე, გურამ ჩაგანავა. ბათუმის შოთა რუსთაველის სახ-ფო უნ-ტი |
| 264 ## - წარმოების, გამოცემის, დისტრიბუციის და სხვა ცნობები |
| გამოცემის, წარმოების, დისტრიბუციის... ადგილი |
ბათუმი, |
| გამოცემის, წარმოების, დისტრიბუციის... თარიღი |
2013. |
| 300 ## - ფიზიკური აღწერა |
| Extent |
260 გვ.; |
| Other physical details |
30 სმ. |
| 653 ## - INDEX TERM--UNCONTROLLED |
| Uncontrolled term |
დისერტაცია |
| 653 ## - INDEX TERM--UNCONTROLLED |
| Uncontrolled term |
პედაგოგიკა |
| 653 ## - INDEX TERM--UNCONTROLLED |
| Uncontrolled term |
ფიზიკური აღზრდისა და სპორტის პედაგოგიურ-ფსიქოლოგიური ასპექტები პიროვნების ფორმირების პროცესში |
| 700 ## - ADDED ENTRY--PERSONAL NAME |
| Personal name |
ქემხაძე, ა. |
| Relator term |
სამეცნიერო ხელმძღვანელი |
| 9 (RLIN) |
11529 |
| 700 ## - ADDED ENTRY--PERSONAL NAME |
| Personal name |
ჩაგანავა, გურამ |
| Relator term |
სამეცნიერო ხელმძღვანელი |
| 9 (RLIN) |
11530 |
| 710 ## - ADDED ENTRY--CORPORATE NAME |
| Corporate name or jurisdiction name as entry element |
ბათუმის შოთა რუსთაველის სახ-ფო უნ-ტი |
| 9 (RLIN) |
11531 |
| 942 ## - ADDED ENTRY ELEMENTS (KOHA) |
| Koha item type |
წიგნი |
| Source of classification or shelving scheme |
|